De León XIII a Juan Pablo II: cien años de doctrina social de la Iglesia

Uloženo v:
Podrobná bibliografie
Hlavní autor: Rivas Gutiérrez, Exequiel (Autor)
Médium: Kniha
Jazyk:španělština
Vydáno: Santiago Paulinas 1991
Vydání:1a. ed
Témata:
Tagy: Přidat tag
Žádné tagy, Buďte první, kdo vytvoří štítek k tomuto záznamu!

MARC

LEADER 00000nam a2200000 a 4500
001 UCX3789
003 CL-VaPUC
008 920102e19910000CL |||||||||||||||||spa|d
082 0 4 |a 261  |b RIV  |2 21 
100 0 |a Rivas Gutiérrez, Exequiel  |e author  |9 319986 
245 1 0 |a De León XIII a Juan Pablo II: cien años de doctrina social de la Iglesia 
250 |a 1a. ed 
300 |a 132 p 
942 |c BK 
945 |d 19920102 00:00:00 
260 |a Santiago  |b Paulinas  |c 1991 
650 0 |a Doctrina social de la iglesia  |9 257333 
650 0 |a Documentos pontificios   |9 255642 
583 |a last modification  |c 19920102 00:00:00  |k Rodrigo Vera 
999 |c 224451  |d 224449 
952 |0 0  |1 0  |4 0  |6 261_000000000000000_RIV_1991  |7 0  |8 A  |9 221095  |a BIBTEO  |b BIBTEO  |d 2019-11-15  |i 2898454  |o 261 RIV 1991  |p 2898454  |r 2025-01-17  |w 2019-11-15  |y BK  |k ICR 
952 |0 0  |1 0  |4 0  |6 261_000000000000000_RIV_1991  |7 0  |8 A  |9 221096  |a BIBTEO  |b BIBTEO  |d 2019-11-15  |i 2898462  |o 261 RIV 1991  |p 2898462  |r 2025-01-17  |w 2019-11-15  |y BK  |k ICR 
952 |0 0  |1 0  |4 0  |6 261_000000000000000_RIV_1991  |7 0  |8 A  |9 221097  |a BIBTEO  |b BIBTEO  |d 2019-11-15  |i 3130347  |o 261 RIV 1991  |p 3130347  |r 2025-01-17  |w 2019-11-15  |y BK  |k ICR 
952 |0 0  |1 0  |4 0  |6 261_000000000000000_RIV_1991  |7 0  |8 X  |9 221098  |a FDOBUD  |b FDOBUD  |d 2019-11-15  |i 4595955  |o 261 RIV 1991  |p 4595955  |r 2019-11-15  |w 2019-11-15  |y BK_X  |k BUD